LEADER 01356nam a2200313 a 4500 001 000000132017 003 CaOOAMICUS 005 20121210103645.0 008 121210s1995 it u000 u ita r 040 $aPUL$bita 100 1 $aFuret, François,$d1927-1997.$0(OLS)http://pul/name/15590 245 10$aControverso novecento /$cdialogo con ?Reset" di François Furet e Giuliano Procacci ; a cura di Antonio Carioti ; traduzione di Franca Mochi e Marina Valensise. 260 $aMilano :$bReset S.r.l.,$cİ1995. 300 $a63 p. ;$c21 cm 490 1 $aI libri di Reset 500 $aSuppl. al n. 20 di Reset del 1995. 650 4$aStoria$ySec. XX.$0(OLS)http://pul/subject/19170 700 1 $aProcacci, Giuliano,$d1926-$0(OLS)http://pul/name/35626 700 1 $aValensise, Marina.$0(OLS)http://pul/name/40949 700 1 $aMochi, Franca.$0(OLS)http://pul/name/85027 700 1 $aCarioti, Antonio.$0(OLS)http://pul/name/81630 830 0$aLibri di Reset.$0(OLS)http://pul/title/164980 850 $aPUL 852 $aPUL$W1$xDP1 Fondo E. Rossi$y115$m1 F 81$j152055$qFondi$B151289$CPULBib$Z2$F151289 $82 941 1 $a1 961 $aSul dorso collocazione ms. di E. Rossi: F 48 996 $6245$aControverso novecento$9(OLS)http://pul/title/166809 996 $6260$aMilano :$bReset S.r.l.$9(OLS)http://pul/publisher/82132 LEADER 01403nam a2200325 u 4500 001 000000053874 003 CaOOAMICUS 005 20070226115617.0 008 001123s2000 gw u000 u ger u 020 $a3451021862 035 $a10862173 040 $aPUL$bita 245 04$aDas Opfer-Biblischer Anspruch und liturgische Gestalt /$cunter Mitarbeit von Achim Budde ... [et al.] ; herausgegeben von Albert Gerhards und Klemens Richter. 260 $aFreiburg :$bHerder,$c2000. 300 $a295 p. ;$c23 cm 490 1 $aQuaestiones disputatae ;$v186 500 $aContiene indici. 504 $aBibliografia in nota. 650 4$aSacrificio (teologia).$0(OLS)http://pul/subject/4373 700 1 $aGerhards, Albert.$0(OLS)http://pul/name/9917 700 1 $aBudde, Achim.$0(OLS)http://pul/name/38335 700 1 $aRichter, Klemens.$0(OLS)http://pul/name/19697 830 0$aQuaestiones disputatae ;$v186.$0(OLS)http://pul/title/4920 850 $aPUL 852 $aPUL$W1$xSL Religione 2$y84$mTheol A6 186$j71015$nBK-PRI$b $qStampati altre collocazioni$B71015$CPULBib$Z2$F71015 $H $81 941 1 $a10 961 $aINV: 83335 996 $6020$a3451021862$9(OLS)http://pul/number/67890 996 $6245$aDas Opfer-Biblischer Anspruch und liturgische Gestalt$9(OLS)http://pul/title/72262 996 $6260$aFreiburg :$bHerder$9(OLS)http://pul/publisher/48354 LEADER 01059nam a2200265 u 4500 001 000000031004 003 CaOOAMICUS 005 20070226112106.0 008 970925s1994 it a u000 u ita u 020 $a8821527581 035 $a10770515 040 $aPUL(R)$bita 100 1 $aNiccacci, Alviero,$cO.F.M.$0(OLS)http://pul/name/3714 245 13$aLa casa della sapienza :$bvoci e volti della sapienza biblica. 260 $aCinisello Balsamo :$bSan Paolo,$c1994. 300 $a186 p. :$bill. ;$c24 cm 490 1 $aNarrare la bibbia ;$v2 830 0$aNarrare la bibbia ;$v2.$0(OLS)http://pul/title/42609 850 $aPUL 852 $aPUL$W1$xSL Religione 1$y3$m7 B 60$j42834$nBK-PRI$b $qStampati$B42834$CPULBib$Z2$F42834 $H $81 941 1 $a8 961 $aINV: 71409 996 $6020$a8821527581$9(OLS)http://pul/number/38887 996 $6245$aLa casa della sapienza :$bvoci e volti della sapienza biblica$9(OLS)http://pul/title/42608 996 $6260$aCinisello Balsamo :$bSan Paolo$9(OLS)http://pul/publisher/54577